| 000 | 00385cam a2200145ua 4500 | ||
|---|---|---|---|
| 041 |
_aeng _h |
||
| 082 |
_a362.12 _bBRI/RU |
||
| 100 | _aBridgman, R.F . | ||
| 245 |
_aRural hospital : Its structure and organization / _cR.F. Bridgman. _hTextual Documents |
||
| 260 |
_a : _bWorld health Organization , _c1955. |
||
| 300 | _a162 ; . | ||
| 504 | _a | ||
| 942 | _cBK | ||
| 999 |
_c2096 _d2096 |
||